[Event "Pardubice Czech op"]
[Site "Pardubice"]
[Date "1998.??.??"]
[Round "5"]
[White "Gyimesi, Zoltan"]
[Black "Hasangatin, Ramil"]
[Result "1-0"]
[WhiteElo "2505"]
[BlackElo "2460"]

1.d4 d5 2.c4 c6 3.Nf3 Nf6 4.Nc3 dxc4 5.a4 Bf5 6.Ne5 e6 7.f3 Bb4 8.e4 Bxe4
9.fxe4 Nxe4 10.Bd2 Qxd4 11.Nxe4 Qxe4+ 12.Qe2 Bxd2+ 13.Kxd2 Qd5+ 14.Kc2 Na6
15.Nxc4 Ke7 16.Qe5 Rhd8 17.Be2 f6 18.Qg3 Kf8 19.Rhe1 Nb4+ 20.Kb3 a5 21.Rad1 Qe4
22.Qc3 Qxg2 23.Bf3 Qxh2 24.Nb6 Rxd1 25.Rxd1 Re8 26.Rd7 Kg8 27.Nc4 h6 28.Nd6 Rf8
29.Bg4 h5 30.Bxe6+ Kh7 31.Nf5  1-0

[Event "Paris op"]
[Site "Paris"]
[Date "1998.??.??"]
[Round "1"]
[White "Leski, Marc"]
[Black "Sahetchian, Armand"]
[Result "1-0"]
[WhiteElo "2415"]
[BlackElo "2135"]

1.Nf3 d5 2.d4 Nf6 3.c4 c6 4.Nc3 dxc4 5.a4 Bf5 6.e3 e6 7.Bxc4 Be7 8.Qe2 O-O
9.O-O Ne4 10.Rd1 Nd7 11.Nd2 Nxc3 12.bxc3 Nb6 13.Bb3 Nd5 14.Bb2 Qc7 15.c4 Nb4
16.e4 Bg6 17.Nf1 f5 18.exf5 exf5 19.Bc3 Kh8 20.a5 f4 21.Qd2 Na6 22.f3 Rad8
23.Bc2 Bf7 24.Qd3 Bg6 25.Qe2 Bf7 26.Nd2 Bb4 27.Ne4 Rfe8 28.Qd2 Be7 29.Bd3 Nb8
30.Qb2 Bf8 31.Rab1 Rd7 32.Ng5 Bg8 33.Re1 Rxe1+ 34.Rxe1 Re7 35.Rb1 Qd8 36.Ne4 Rd7
37.Qd2 Qc7 38.Re1 Re7 39.Bb4 Re8 40.Bxf8 Rxf8 41.Qb4 Re8 42.Rb1 Qd8 43.c5 Qd5
44.Nd6 Re3 45.Rd1 Na6 46.Qc4 Qxc4 47.Bxc4 Bxc4 48.Nxc4 Rb3 49.Nd6 Nc7 50.h4 Nd5
51.Re1 Ne3 52.g3 g6 53.gxf4 Nd5 54.Re8+ Kg7 55.Kf2 Rb2+ 56.Kg3 Nf6 57.Re7+ Kg8
58.f5 Nh5+ 59.Kh3 gxf5 60.Nxf5 Nf4+ 61.Kg3 Nh5+ 62.Kg4 Nf6+ 63.Kg5 Nd5 64.Rg7+ Kh8
65.Kh6 Nf6 66.Rf7 Ng8+ 67.Kh5 b6 68.cxb6 axb6 69.a6 Ra2 70.a7 b5 71.Nh6  1-0

[Event "Paris"]
[Site "Paris"]
[Date "1998.??.??"]
[Round "7"]
[White "Parmentier, Xavier"]
[Black "Lukov, Valentin"]
[Result "0-1"]
[WhiteElo "2335"]
[BlackElo "2470"]

1.Nf3 d5 2.d4 c6 3.c4 Nf6 4.Nc3 dxc4 5.a4 Bf5 6.Ne5 Nbd7 7.Nxc4 Qc7 8.g3 e5
9.dxe5 Nxe5 10.Bf4 Nfd7 11.Bg2 f6 12.O-O Rd8 13.Qc1 Be6 14.Nxe5 Nxe5 15.Qe3 Qb6
16.Qxb6 axb6 17.a5 bxa5 18.Rxa5 Bd6 19.Rb1 g5 20.Bc1 Bb4 21.Rxe5 fxe5 22.Bxg5 Be7
23.Be3 Bf5 24.Ra1 Kf7 25.h3 Ra8 26.Rc1 Ra5 27.g4 Bg6 28.Kh2 Rha8 29.Rd1 Ke8
30.Kg3 Ra1 31.Rxa1 Rxa1 32.h4 h5 33.Bf3 hxg4 34.Kxg4 Rg1+ 35.Kh3 Bf5+ 36.Kh2 Rg8
37.h5 Bg4 38.Ne4 Bxf3 39.exf3 Rh8 40.h6 Kf7 41.Kh3 Bf8 42.Kg4 Kg6 43.f4 exf4
44.Bxf4 Bxh6 45.Be5 Bg7 46.Bxg7 Kxg7 47.Kf5 Rf8+ 48.Ke5 Kg6 49.Kd6 Rf4 50.f3 Rxf3
51.Nc5 Rf7 52.b4 Rf5  0-1

[Event "Paris op"]
[Site "Paris"]
[Date "1998.??.??"]
[Round "8"]
[White "Dizdar, Goran"]
[Black "Golubovic, Boris"]
[Result "1/2-1/2"]
[WhiteElo "2570"]
[BlackElo "2440"]

1.d4 d5 2.c4 c6 3.Nf3 Nf6 4.Nc3 dxc4 5.a4 Bf5 6.e3 Bd3 7.Bxd3 cxd3 8.O-O e6
9.Qxd3 Be7 10.e4 O-O 11.Rd1 Nbd7 12.Bf4 Qa5 13.Nd2 Rfd8 14.Nc4 Qa6 15.Bc7 Rdc8
16.Bd6 Bxd6 17.Nxd6 Qxd3 18.Rxd3 Rc7 19.Rc1 Nb6 20.a5 Nc8 21.Nc4 Ne7 22.f3 Rd8
23.Na4 Ne8 24.Nc5 Nd6 25.Nxd6 Rxd6 26.Rb3 Rxd4 27.Nxb7 g5 28.Nc5 Ng6 29.Rb8+ Kg7
30.Rc2 Kf6 31.Kf2 Ne5 32.Ke2 Nd7 33.Ke3 Rd1 34.Rb7 Rxb7 35.Nxb7 Ne5 36.Nc5 Ra1
37.a6 Ra5 38.g3 Ke7 39.f4 gxf4+ 40.gxf4 Nd7 41.Nd3 Nb8 42.Rc5 Rxa6 43.Rh5 Nd7
44.Rxh7 c5 45.Rh5 c4 46.Ne5 Nxe5 47.Rxe5 Rb6 48.Ra5 Rxb2 49.Rxa7+ Kf6 50.Rc7  1/2-1/2

[Event "US-chT Amateur East"]
[Site "Parsippany"]
[Date "1998.??.??"]
[Round "5"]
[White "Sorkin, Igor"]
[Black "Fang, Joseph"]
[Result "0-1"]
[WhiteElo "2290"]
[BlackElo "2320"]

1.d4 Nf6 2.c4 c6 3.Nf3 d5 4.Nc3 dxc4 5.a4 Bf5 6.e3 e6 7.Bxc4 Bb4 8.O-O O-O
9.Bd2 Nbd7 10.Qe2 Bg6 11.Ne4 Qa5 12.Ng3 Rad8 13.e4 Bxd2 14.Nxd2 e5 15.Bd3 exd4
16.Nc4 Qb4 17.f4 h6 18.e5 Bxd3 19.Qxd3 Nc5 20.Qf3 Qxc4 21.exf6 Qd3 22.fxg7 Kxg7
23.Qh5 Rd5 24.f5 Qe3+ 25.Kh1 Qg5 26.Qf3 Re8 27.Nh5+ Kh8 28.g4 Re3 29.Qg2 d3
30.b4 Re2 31.Qg1 Nb3 32.Nf4 Nxa1 33.Nxd5 cxd5 34.Qd4+ Kg8 35.Qxd3 Rd2 36.Qb5 Qe3  0-1

[Event "World op"]
[Site "Philadelphia"]
[Date "1998.??.??"]
[Round "7"]
[White "Formanek, Edward W"]
[Black "Siegel, Noah J"]
[Result "1-0"]
[WhiteElo "2300"]
[BlackElo "2240"]

1.d4 d5 2.c4 c6 3.Nf3 Nf6 4.Nc3 dxc4 5.a4 Bf5 6.e3 e6 7.Bxc4 Bb4 8.O-O Nbd7
9.Qe2 Bg4 10.Rd1 O-O 11.e4 Bxf3 12.Qxf3 e5 13.d5 a5 14.Bg5 Qc7 15.Rac1 h6
16.Bh4 Be7 17.Qf5 Rad8 18.Bg3 Ne8 19.Ba2 g6 20.Qxg6+ fxg6 21.d6+ Kg7 22.dxc7 Nxc7
23.h4 Kf6 24.Rd3 Bc5 25.Rcd1 Ke7 26.Kf1 Ne6 27.Bxe6 Kxe6 28.Ne2 Rf7 29.f3 Rdf8
30.Be1 Nf6 31.Ng3 Ra8 32.Ke2 Bd4 33.b3 h5 34.Bf2 c5 35.Rc1 Nd7 36.Nf1 Nb6
37.Ne3 Rc8 38.Nc4 Nxc4 39.bxc4 Rc6 40.Rb1 Rd7 41.Be1 b6 42.Bd2 Rdd6 43.Bg5 Kd7
44.g4 Rc8 45.Rdb3 Kc7 46.gxh5 gxh5 47.f4 Re8 48.f5 Rg8 49.Rg3 Rg7 50.Bd8+  1-0

[Event "Plzen opJ"]
[Site "Plzen"]
[Date "1998.??.??"]
[Round "7"]
[White "Cedikova, Katerina"]
[Black "Cernousek, Lukas"]
[Result "0-1"]
[WhiteElo "2055"]
[BlackElo "2150"]

1.d4 d5 2.c4 c6 3.Nf3 Nf6 4.Nc3 dxc4 5.a4 Bf5 6.Ne5 e6 7.f3 Bb4 8.e4 Bxe4
9.fxe4 Nxe4 10.Bd2 Qxd4 11.Nxe4 Qxe4+ 12.Qe2 Bxd2+ 13.Kxd2 Qd5+ 14.Kc3 O-O
15.Nxc4 b5 16.Ne3 Qc5+ 17.Kb3 a5 18.Qd2 Na6 19.Be2 Rfd8 20.Qc3 Rd4 21.axb5 cxb5
22.Rxa5 Re4 23.Rxa6 Qxc3+ 24.Kxc3 Rxa6 25.Kd3 f5 26.Bf3 Rd6+ 27.Ke2 Re5 28.g3 g5
29.Rg1 Kf8  0-1

[Event "Plzen opJ-B"]
[Site "Plzen"]
[Date "1998.??.??"]
[Round "8"]
[White "Houska, Jovanka"]
[Black "Tokmachev, I."]
[Result "1-0"]
[WhiteElo "1750"]
[BlackElo "1950"]

1.d4 d5 2.c4 c6 3.Nc3 Nf6 4.Nf3 dxc4 5.a4 Bf5 6.Ne5 e6 7.f3 Bb4 8.e4 Bxe4
9.fxe4 Nxe4 10.Bd2 Qxd4 11.Nxe4 Qxe4+ 12.Qe2 Bxd2+ 13.Kxd2 Qd4+ 14.Kc2 O-O
15.Nxc4 Na6 16.Qe3 Rfd8 17.Be2 Qc5 18.Qxc5 Nxc5 19.Rhd1 Rxd1 20.Rxd1 Nxa4
21.Kb3 b5 22.Bf3 bxc4+ 23.Kxa4 g6 24.Bxc6 Rb8 25.Rd2 Kg7 26.Bb5 Rb7 27.Bxc4 e5
28.Bb5 f5 29.Rd7+ Rxd7 30.Bxd7 Kf6 31.Ka5  1-0

[Event "CRO-chT2"]
[Site "Pula"]
[Date "1998.??.??"]
[Round "1"]
[White "Krizsany, Laszlo"]
[Black "Petrovic, Zvonko"]
[Result "1-0"]
[WhiteElo "2410"]
[BlackElo "2275"]

1.d4 Nf6 2.c4 c6 3.Nc3 d5 4.Nf3 dxc4 5.a4 Bf5 6.e3 e6 7.Bxc4 Bb4 8.O-O O-O
9.Nh4 Bg6 10.Qb3 Qe7 11.Nxg6 hxg6 12.Rd1 b6 13.g3 Nbd7 14.Bf1 Rac8 15.Bg2 c5
16.Na2 a5 17.Nxb4 cxb4 18.e4 e5 19.Bg5 exd4 20.Rxd4 Nc5 21.Qe3 Qe6 22.Re1 Nxa4
23.e5 Nh7 24.Bd5 Qe8 25.e6 fxe6 26.Bxe6+ Kh8 27.Bxc8 Qxc8 28.Be7 Rg8 29.Rh4 Re8
30.Qe4 Kg8 31.Qd5+ Kh8 32.Ree4 g5 33.Bxg5 Rxe4 34.Qxe4 Qg8 35.Qe5 Nc5 36.Be3 Nd7
37.Qf5 Nf6 38.Bxb6 Qa2 39.Bd4 Qg8 40.Bxf6 gxf6 41.Qxf6+ Qg7  1-0

[Event "CRO-Cup"]
[Site "Pula"]
[Date "1998.??.??"]
[Round "3"]
[White "Pinter, Jozsef"]
[Black "Lalic, Bogdan"]
[Result "1/2-1/2"]
[WhiteElo "2590"]
[BlackElo "2545"]

1.d4 d5 2.Nf3 Nf6 3.c4 c6 4.Nc3 dxc4 5.a4 Bf5 6.e3 e6 7.Bxc4 Bb4 8.O-O Nbd7
9.Qb3 a5 10.Rd1 O-O 11.h3 Ne4 12.Be2 Qb6 13.Nxe4 Bxe4 14.Ng5 Bg6 15.Bd3 Be7
16.Qxb6 Nxb6 17.Bxg6 hxg6 18.Ne4 Rfd8 19.Bd2 f5 20.Ng3 Bd6 21.Ne2 e5 22.Bc3 e4  1/2-1/2

[Event "Radenci op"]
[Site "Radenci"]
[Date "1998.??.??"]
[Round "?"]
[White "Tratar, Marko"]
[Black "Crepan, Marjan"]
[Result "1-0"]
[WhiteElo "2420"]
[BlackElo "2295"]

1.Nf3 d5 2.d4 Nf6 3.c4 c6 4.Nc3 dxc4 5.a4 Bf5 6.Ne5 Nbd7 7.Nxc4 Qc7 8.g3 e5
9.dxe5 Nxe5 10.Bf4 Nfd7 11.Bg2 Be6 12.Nxe5 Nxe5 13.Qd4 f6 14.a5 a6 15.Ne4 Rd8
16.Qc3 Be7 17.O-O h6 18.Nc5 Bxc5 19.Qxc5 Kf7 20.Qc2 Rd7 21.b3 h5 22.Ra4 h4
23.gxh4 Qd8 24.Bxe5 fxe5 25.f4 Rd4 26.fxe5+ Kg8 27.Rf8+ Qxf8 28.Rxd4 Rh5
29.Qd2 Qc5 30.b4 Qxe5 31.Bf3 Rh6 32.Qf4 Qxf4 33.Rxf4 Bf7 34.Rd4 Be6 35.Rd8+ Kf7
36.Rb8 Rxh4 37.Rxb7+ Kf6 38.Bxc6 Rc4 39.Bf3 g5 40.Rb6 Ke5 41.Kf2 g4 42.Bb7 Rc3
43.Bxa6 Rh3 44.Kg1  1-0

[Event "Rhein an Main op"]
[Site "Rhein"]
[Date "1998.??.??"]
[Round "2"]
[White "Sabel, Reinhard"]
[Black "Wendel, Stefan"]
[Result "1/2-1/2"]
[WhiteElo "2040"]
[BlackElo "2220"]

1.d4 d5 2.c4 c6 3.Nf3 Nf6 4.Nc3 dxc4 5.a4 Bf5 6.Ne5 e6 7.f3 c5 8.e4 cxd4
9.exf5 Nc6 10.Nxc6 bxc6 11.fxe6 fxe6 12.Bxc4 dxc3 13.Qe2 cxb2 14.Qxe6+ Qe7
15.Qxe7+ Bxe7 16.Bxb2 Bb4+ 17.Kf2 Ke7 18.Rhd1 Rhd8 19.Be5 Bc5+ 20.Kf1 Bd6
21.Bxd6+ Rxd6 22.Re1+ Kf8 23.Rab1 Rd4 24.Rbc1 Re8 25.Red1 Red8 26.Rxd4 Rxd4
27.Ke2 Ke7  1/2-1/2

[Event "Rhein an Main op"]
[Site "Rhein"]
[Date "1998.??.??"]
[Round "4"]
[White "Wissemann, Andreas"]
[Black "Wendel, Stefan"]
[Result "1/2-1/2"]
[WhiteElo "2070"]
[BlackElo "2220"]

1.d4 Nf6 2.c4 c6 3.Nf3 d5 4.Nc3 dxc4 5.a4 Bf5 6.Ne5 e6 7.f3 c5 8.e4 cxd4
9.exf5 Nc6 10.Nxc6 bxc6 11.fxe6 fxe6 12.Qe2 Kf7 13.Qxc4 dxc3 14.bxc3 Nd5
15.Rb1 Be7 16.Bd3 Rb8 17.Rxb8 Qxb8 18.O-O Qb6+ 19.Kh1 Qc5 20.Qxc5 Bxc5 21.c4 Nf6
22.Bb2 Rb8 23.Bxf6 Kxf6 24.Rb1 Rxb1+  1/2-1/2

[Event "Rhein an Main op"]
[Site "Rhein"]
[Date "1998.??.??"]
[Round "6"]
[White "Sabel, Reinhard"]
[Black "Kleine, Matthias"]
[Result "1-0"]
[WhiteElo "2040"]
[BlackElo "2155"]

1.d4 d5 2.c4 c6 3.Nf3 Nf6 4.Nc3 dxc4 5.a4 Bf5 6.Ne5 e6 7.f3 Nh5 8.Be3 Bg6
9.Bf2 Bb4 10.e4 Nd7 11.Nxc4 Nhf6 12.Be2 Qc7 13.O-O Rd8 14.Qb3 a5 15.Bh4 e5
16.d5 Bxc3 17.Qxc3 cxd5 18.Bxf6 Qc5+ 19.Kh1 gxf6 20.exd5 b6 21.f4 Be4 22.fxe5 fxe5
23.Qg3 Bxd5 24.Nxe5 Bxg2+ 25.Qxg2 Nxe5 26.Rad1 Rc8 27.Rd5 Qe7 28.Qg7 Ng6
29.Bb5+  1-0

[Event "SWE-chJ"]
[Site "Ronneby"]
[Date "1998.??.??"]
[Round "8"]
[White "Hallberg, Fredrik"]
[Black "Lundberg, Bjorn"]
[Result "1-0"]
[WhiteElo "2225"]
[BlackElo "2180"]

1.d4 Nf6 2.Nf3 d5 3.c4 c6 4.Nc3 dxc4 5.a4 Bf5 6.e3 e6 7.Bxc4 Bb4 8.O-O O-O
9.Qe2 Bg6 10.Rd1 Nbd7 11.Nb1 Qe7 12.b3 Bh5 13.Bb2 e5 14.dxe5 Nxe5 15.Bxe5 Bxf3
16.Qxf3 Qxe5 17.Ra2 Rad8 18.Rc2 Rd6 19.Rxd6 Qxd6 20.Nc3 Bxc3 21.Rxc3 Qd2
22.e4 Nxe4 23.Re3 Qc1+ 24.Bf1 Nd2 25.Qe2 Nxf1 26.Qxf1 Qc5 27.h3 Rd8 28.Qe2 g6
29.Re5 Rd1+ 30.Kh2 Qd6 31.g3 Rd2 32.Re8+ Kg7 33.Qf3 Qf6 34.Rg8+  1-0

[Event "SWE-ch"]
[Site "Ronneby"]
[Date "1998.??.??"]
[Round "13"]
[White "Eriksson, Johan"]
[Black "Astrom, Robert"]
[Result "1/2-1/2"]
[WhiteElo "2380"]
[BlackElo "2460"]

1.d4 d5 2.c4 c6 3.Nf3 Nf6 4.Nc3 dxc4 5.a4 Bf5 6.Ne5 Nbd7 7.Nxc4 Qc7 8.g3 e5
9.dxe5 Nxe5 10.Bf4 Nfd7 11.Bg2 f6 12.O-O Nc5 13.e4 Rd8 14.Qe2 Bg6 15.Rad1 Rxd1
16.Rxd1 Be7 17.Bh3 Bf7 18.Nxe5 fxe5 19.Be3 O-O 20.Qg4 Be6 21.Qxe6+ Nxe6 22.Bxe6+ Kh8
23.Rd7 Qb8 24.Rxe7 Qd6 25.Rf7 Rxf7 26.Bxf7 Qb4 27.Bc1 a6  1/2-1/2

[Event "SWE-chJ"]
[Site "Ronneby"]
[Date "1998.??.??"]
[Round "13"]
[White "Lundberg, Bjorn"]
[Black "Rylander, Dennis"]
[Result "1/2-1/2"]
[WhiteElo "2180"]
[BlackElo "2145"]

1.d4 d5 2.c4 c6 3.Nf3 Nf6 4.Nc3 dxc4 5.a4 Bf5 6.Ne5 Nbd7 7.Nxc4 Nb6 8.Ne5 e6
9.f3 a5 10.e4 Bg6 11.Be3 Bb4 12.Be2 Nfd7 13.Nxd7 Nxd7 14.O-O O-O  1/2-1/2

[Event "Saint Affrique op"]
[Site "Saint Affrique"]
[Date "1998.??.??"]
[Round "5"]
[White "Baluta, Constantin"]
[Black "Kovarcik, Guillaume"]
[Result "1/2-1/2"]
[WhiteElo "2295"]
[BlackElo "2090"]

1.d4 d5 2.c4 c6 3.Nf3 Nf6 4.Nc3 dxc4 5.a4 Bf5 6.Ne5 e6 7.f3 c5 8.e4 cxd4
9.exf5 Bb4 10.Bxc4 dxc3 11.Qxd8+ Kxd8 12.O-O cxb2 13.Bxb2 Ke7 14.Nd3 Rc8
15.Bxe6 fxe6 16.Nxb4 exf5 17.Rfe1+ Kf7 18.Re5 Nc6 19.Nxc6 Rxc6 20.Rxf5 Rd8
21.Rb5 b6 22.g4 Rd2 23.a5 a6 24.Rb3 b5 25.Be5 Rcc2 26.h4 h6 27.h5 Nh7 28.Bf4 Rf2
29.Rd1 Ng5 30.Bxg5 hxg5  1/2-1/2

[Event "Saint Affrique op"]
[Site "Saint Affrique"]
[Date "1998.??.??"]
[Round "7"]
[White "Mancini, Mario"]
[Black "Cousigne, Frederic"]
[Result "1-0"]
[WhiteElo "2320"]
[BlackElo "2105"]

1.d4 d5 2.c4 c6 3.Nf3 Nf6 4.Nc3 dxc4 5.a4 Bf5 6.Ne5 e6 7.f3 Bb4 8.Nxc4 O-O
9.Bg5 h6 10.Bh4 c5 11.dxc5 Qxd1+ 12.Rxd1 Bc2 13.Rc1 Bxa4 14.Bxf6 gxf6 15.Ra1 Bb3
16.Nb6 Nc6 17.Nxa8 Rxa8 18.e3 Bxc5 19.Kf2 f5 20.Na4 Bb4 21.Bb5 Rc8 22.Nc3 a6
23.Ba4 Bc4 24.Bxc6 Rxc6 25.Rhd1 Rc7 26.Rac1 Be7 27.Ne2 Rc5 28.Rd7 Bxe2 29.Rxc5 Bxc5
30.Kxe2 b6 31.Kd3 a5 32.Ra7 Kg7 33.e4 fxe4+ 34.Kxe4 Kg6 35.b3 Bg1 36.h3 Bc5
37.g4 Bf2 38.f4 Be1 39.Rb7 Bf2 40.Rb8 Kg7 41.f5 exf5+ 42.Kxf5 Bd4 43.Rd8 Be3
44.Ke4 Bf2 45.Rd5 Kg6 46.Rf5 Bg1 47.Kd3 Kg7 48.Kc4 Kg6 49.Kb5 Be3 50.h4 Bd4
51.h5+ Kg7 52.Kc6 Kf8 53.Rb5 Kg7 54.Rxb6 Bxb6 55.Kxb6 Kf6 56.Kxa5 Kg5 57.b4 Kxg4
58.b5 f5 59.b6 f4 60.b7 f3 61.b8=Q f2 62.Qb5  1-0

[Event "San Salvador-ch"]
[Site "San Salvador"]
[Date "1998.??.??"]
[Round "3.4"]
[White "Pineda, Boris"]
[Black "Guevara Sanchez, Erick Marvin"]
[Result "1/2-1/2"]
[WhiteElo "2295"]
[BlackElo "2140"]

1.Nf3 d5 2.d4 Nf6 3.c4 dxc4 4.Nc3 c6 5.a4 Bf5 6.g3 Ne4 7.Bg2 Nxc3 8.bxc3 Be4
9.O-O Qd5 10.Ne1 Bxg2 11.Nxg2 b5 12.Ba3 e6 13.Bxf8 Kxf8 14.Nf4 Qe4 15.Qc1 h5
16.Qa3+ Ke8 17.Qd6 g5 18.axb5 gxf4 19.Rxa7 Rxa7 20.Qxb8+ Ke7 21.Qxa7+ Kf6
22.bxc6 Qxc6 23.Qa5 Qe4 24.h4  1/2-1/2

[Event "Sao Paulo State-ch3"]
[Site "Sao Caetano"]
[Date "1998.??.??"]
[Round "?"]
[White "Marques, Vinicius"]
[Black "Russo, Guilherme Matheus"]
[Result "1-0"]
[WhiteElo "2260"]
[BlackElo "2050"]

1.d4 d5 2.c4 c6 3.Nf3 Nf6 4.Nc3 dxc4 5.a4 Bf5 6.Ne5 e6 7.f3 Bb4 8.e4 Bxe4
9.fxe4 Nxe4 10.Bd2 Qxd4 11.Nxe4 Qxe4+ 12.Qe2 Bxd2+ 13.Kxd2 Qd5+ 14.Kc3 Qa5+
15.Kc2 Na6 16.Nxc4 Qf5+ 17.Kc3 O-O-O 18.Qe5 Qf2 19.Bd3 Rd5 20.Rhf1 Qxf1 21.Rxf1 Rxe5
22.Nxe5 f6 23.Bxa6 bxa6 24.Nxc6 Kc7 25.Na5 Rd8 26.Rf3 e5 27.Nc4 Rd7 28.Rh3 h6
29.Ne3 Kd6 30.Rh4 Ke6 31.Rc4 Kd6 32.Rc8 Rf7 33.g4  1-0

[Event "Seefeld op 9th"]
[Site "Seefeld"]
[Date "1998.??.??"]
[Round "5"]
[White "Mertens, Klaus"]
[Black "Luett, Michael"]
[Result "1/2-1/2"]
[WhiteElo "2150"]
[BlackElo "2125"]

1.d4 d5 2.c4 c6 3.Nf3 Nf6 4.Nc3 dxc4 5.a4 Bf5 6.e3 e6 7.Bxc4 Bb4 8.O-O Nbd7
9.h3 O-O 10.Bd3 Bg6 11.Bxg6 hxg6 12.Qe2 c5 13.Na2 Qa5 14.Nxb4  1/2-1/2

[Event "Seefeld op 9th"]
[Site "Seefeld"]
[Date "1998.??.??"]
[Round "7"]
[White "Timoshchenko, Gennadi A"]
[Black "Cieza Vega, Arcadio"]
[Result "1/2-1/2"]
[WhiteElo "2470"]
[BlackElo "2385"]

1.d4 d5 2.c4 c6 3.Nf3 Nf6 4.Nc3 dxc4 5.a4 Bf5 6.Ne5 Nbd7 7.Nxc4 Qc7 8.g3 e5
9.dxe5 Nxe5 10.Bf4 Nfd7 11.Bg2 f6 12.O-O Nc5 13.e4 Bg6 14.Qe2 Bf7 15.Nxe5 fxe5
16.Be3 Ne6 17.f4  1/2-1/2

[Event "POL-ch (Women)"]
[Site "Sopot"]
[Date "1998.??.??"]
[Round "?"]
[White "Henc, Renata"]
[Black "Kludacz, Magdalena"]
[Result "1/2-1/2"]
[WhiteElo "2155"]
[BlackElo "2180"]

1.d4 d5 2.Nf3 c6 3.c4 Nf6 4.Nc3 dxc4 5.a4 Bf5 6.Ne5 e6 7.f3 Bb4 8.e4 Bxe4
9.fxe4 Nxe4 10.Qf3 Qxd4 11.Qxf7+ Kd8 12.Bg5+ Nxg5 13.Qxg7 Bxc3+ 14.bxc3 Qxc3+
15.Ke2 Qc2+ 16.Ke1 Qc3+ 17.Ke2 Qc2+  1/2-1/2

[Event "Petrov mem"]
[Site "St Petersburg"]
[Date "1998.??.??"]
[Round "3"]
[White "Loginov, Valery A"]
[Black "Kirusha, Andrey"]
[Result "1/2-1/2"]
[WhiteElo "2500"]
[BlackElo "2315"]

1.Nf3 d5 2.d4 Nf6 3.c4 c6 4.Nc3 dxc4 5.a4 Bf5 6.Ne5 e6 7.f3 Bb4 8.e4 Bxe4
9.fxe4 Nxe4 10.Qc2 Nxc3 11.Nf3 Nxa4+ 12.Kf2 Nb6 13.b3 cxb3 14.Qxb3 Be7 15.Bd3 N8d7
16.Re1 Nf6 17.Kg1 O-O 18.Re5 c5 19.Qb1 Nbd7 20.Rg5 Qb6 21.Bb2 h6 22.Rg3 cxd4
23.Qc1 Kh8 24.Rh3 Rfc8 25.Qd2 Qb4 26.Qe2 Kg8 27.Rb1 Qd6 28.Nxd4 Qd5 29.Kh1 Nc5
30.Bc4 Qe4 31.Qf1 Na4 32.Re1 Qxe1 33.Qxe1 Rxc4 34.Ba1 Rac8 35.Nb3 Nc5 36.Nxc5 R4xc5
37.Rc3 Rxc3 38.Bxc3 Nd5 39.Bd2 Bg5 40.h4 Bxd2 41.Qxd2 b5 42.Qa5 Rc7 43.Qxb5 h5
44.Qa4 g6 45.g4 Rc1+ 46.Kh2 hxg4 47.Qxg4 Rc2+ 48.Kg1 a5 49.Qd4 Rc7 50.h5 gxh5
51.Qe5 Kf8 52.Qxh5 Rc4 53.Qg5 Ke8 54.Qg8+ Ke7 55.Qg5+ Kd7 56.Qg8 Rf4 57.Qa8 a4
58.Qa6 Ke7 59.Kg2 f5 60.Qb7+ Kf6 61.Qb8 Re4 62.Kf2 Rb4 63.Qh8+ Ke7 64.Qg7+ Kd6
65.Qf8+ Ke5 66.Qh8+ Ke4 67.Qc8 e5 68.Qc2+ Kd4 69.Qxf5 a3 70.Qg4+ e4 71.Qd1+ Ke5
72.Qa1+ Rb2+ 73.Kg3 e3  1/2-1/2

[Event "Petrov mem"]
[Site "St Petersburg"]
[Date "1998.??.??"]
[Round "8"]
[White "Uchitel, Stanislav"]
[Black "Polyakov, Dmitriy"]
[Result "1/2-1/2"]
[WhiteElo "2120"]
[BlackElo "2205"]

1.d4 d5 2.c4 c6 3.Nf3 Nf6 4.Nc3 dxc4 5.a4 Bf5 6.Ne5 e6 7.f3 Bb4 8.e4 Bg6
9.Bxc4 Nbd7 10.Nxd7 Nxd7 11.O-O O-O 12.Kh1 Nb6 13.Bb3 Qe7 14.Qe2 c5 15.dxc5 Bxc5
16.Bf4 Qf6 17.Bg3 Bd4 18.Rac1 Rac8 19.Nb5 Be5 20.Rxc8 Nxc8 21.f4 Bb8 22.Nc3 Ne7
23.Qf2 Nc6 24.Rd1 Rd8 25.Rc1 Qd4 26.Rd1 Qxf2 27.Rxd8+ Nxd8 28.Bxf2 Bxf4 29.Bxa7 Bc1
30.Bb6 Nc6 31.Nb5 Bxb2 32.Nd6 Ba3 33.Nxb7 Bxe4 34.a5 Nd4 35.Bxd4 Bxb7 36.Bc4 Bd6  1/2-1/2

[Event "Tilburg op"]
[Site "Tilburg"]
[Date "1998.??.??"]
[Round "?"]
[White "Chuchelov, Vladimir"]
[Black "Cuijpers, Frans Andre"]
[Result "1/2-1/2"]
[WhiteElo "2545"]
[BlackElo "2465"]

1.Nf3 d5 2.d4 Nf6 3.c4 c6 4.Nc3 dxc4 5.a4 Bf5 6.e3 e6 7.Bxc4 Bb4 8.O-O Nbd7
9.Nh4 Bg6 10.h3 Qa5 11.Na2 Bd6 12.b4 Bxb4 13.Nxg6 hxg6 14.Rb1 Bd6 15.Rxb7 Nb6
16.Qb3 Rb8 17.Rxb8+ Bxb8 18.Ba3 Kd7 19.Rb1 Ne4 20.Qc2 Nxc4 21.Qxc4 Qf5 22.Rb7+ Bc7
23.f3 Qg5 24.Qd3 Nf6 25.Nb4 Rxh3 26.Qc3 Nd5 27.Nxd5 exd5 28.Rxc7+ Kxc7 29.Qa5+ Kd7
30.Qxa7+ Ke6 31.f4 Qh4 32.gxh3 Qg3+ 33.Kf1 Qf3+ 34.Kg1 Qxe3+ 35.Kg2 Qxa3
36.a5 Qb2+ 37.Kf3 Qc3+ 38.Kf2 Qd2+ 39.Kf3 Qd3+ 40.Kf2 f6 41.a6 Qd2+  1/2-1/2

[Event "POL-ch U20 Girls"]
[Site "Trzebinia"]
[Date "1998.??.??"]
[Round "2"]
[White "Zielinska, Danuta"]
[Black "Matras, Agnieszka"]
[Result "0-1"]
[WhiteElo "2040"]
[BlackElo "2075"]

1.d4 d5 2.c4 c6 3.Nf3 Nf6 4.Nc3 dxc4 5.a4 Bf5 6.e3 e6 7.Bxc4 Bb4 8.O-O Nbd7
9.Qb3 a5 10.Rd1 Qb6 11.Nh4 Bg6 12.Nxg6 hxg6 13.Ne2 O-O-O 14.Ng3 Qc7 15.Bd2 Bd6
16.Be2 Rh7 17.Qc3 Rdh8 18.Qxa5 Nb6 19.f4 Rxh2 20.b4 Nbd5 21.Qxc7+ Kxc7 22.b5 g5
23.Bf3 gxf4 24.exf4 Nxf4 25.Nf1 R2h7 26.Bxf4 Bxf4 27.g3 Bd6 28.bxc6 bxc6
29.Rac1 Nd5 30.Rd3 Kd7 31.Rb3 Rc8 32.a5 Rhh8 33.a6 Rc7 34.Rcb1 Ra8 35.Be2 Kc8
36.Kg2 c5 37.dxc5 Bxc5 38.Rb7 Ra7 39.Rb8+ Kd7 40.R8b3 Ne7 41.Nd2 Nd5 42.Nc4 Bd6
43.Rd1 Ke7 44.Nxd6 Kxd6 45.Rd2 f5 46.Rb5 Rc5 47.Rbb2 Kc6 48.Rb3 g5 49.Rdb2 Kd6
50.Rd2 Ke5 51.Ra3 f4 52.Bf3 Rc6 53.Be2 Ne3+ 54.Kf2 Nf5 55.gxf4+ gxf4 56.Ra5+ Kf6
57.Kf3 e5 58.Kf2 Nd4 59.Rd5 Nxe2 60.Rxe2 Re6 61.Rd8 Raxa6 62.Rf8+ Kg5 63.Rg8+  0-1

[Event "JUG Cup"]
[Site "Ulcinj"]
[Date "1998.??.??"]
[Round "4"]
[White "Scekic, Milos"]
[Black "Pajkovic, Vladimir"]
[Result "1-0"]
[WhiteElo "2430"]
[BlackElo "2405"]

1.d4 d5 2.Nf3 c6 3.c4 Nf6 4.Nc3 dxc4 5.a4 Bf5 6.e3 e6 7.Bxc4 Bb4 8.O-O Nbd7
9.Qe2 O-O 10.Rd1 Qc7 11.e4 Bg6 12.Nh4 Bh5 13.f3 c5 14.d5 Ne5 15.d6 Qd8 16.g3 h6
17.Bf4 Nxc4 18.Qxc4 g5 19.Be3 gxh4 20.g4 Bxg4 21.Bxh6 Bxf3 22.Bg5 Kh7 23.e5  1-0

[Event "Champions op"]
[Site "USA"]
[Date "1998.??.??"]
[Round "?"]
[White "Formanek, Edward W"]
[Black "Fang, Joseph"]
[Result "1-0"]
[WhiteElo "2300"]
[BlackElo "2320"]

1.d4 Nf6 2.c4 c6 3.Nc3 d5 4.Nf3 dxc4 5.a4 Bf5 6.e3 e6 7.Bxc4 Bb4 8.O-O O-O
9.Qe2 Nbd7 10.e4 Bg6 11.Bd3 Re8 12.h3 e5 13.Nxe5 Nxe5 14.dxe5 Bxc3 15.bxc3 Rxe5
16.f3 Re8 17.Bg5 h6 18.Bh4 Qb6+ 19.Qf2 Nd5 20.Qxb6 axb6 21.Rfc1 Nf4 22.Bc4 Ra5
23.Rd1 Rc5 24.Rd4 Kh7 25.Rb1 Nd5 26.Rb3 Nxc3 27.Rxb6 Rh5 28.Bd8 Nxa4 29.Rxb7 Nc5
30.Rxf7 Rhe5 31.Rc7 h5 32.Bf6 Ne6 33.Bxe5  1-0

[Event "Val Thorens op"]
[Site "Val Thorens"]
[Date "1998.??.??"]
[Round "?"]
[White "Libiszewski, Fabien"]
[Black "Kirov, Nino"]
[Result "0-1"]
[WhiteElo "2215"]
[BlackElo "2395"]

1.d4 Nf6 2.c4 c6 3.Nf3 d5 4.Nc3 dxc4 5.a4 Bf5 6.Ne5 Nbd7 7.Nxc4 Nb6 8.Ne5 a5
9.f3 Nfd7 10.Nxd7 Nxd7 11.e4 Bg6 12.d5 e5 13.dxe6 fxe6 14.Be3 Bc5 15.Bxc5 Nxc5
16.Bc4 Bf7 17.Qxd8+ Rxd8 18.Rd1 Rxd1+ 19.Kxd1 e5 20.Bxf7+ Kxf7 21.Kc2 Ke7
22.b3 Ne6 23.Nd1 Nd4+ 24.Kb2 Rb8 25.Nc3 Rd8 26.Rd1 Rd6 27.Rd2 Ne6 28.Rxd6 Kxd6
29.Nd1 Kc5 30.Kc3 b5 31.Ne3 Nf4 32.axb5 cxb5 33.g3 Ne2+ 34.Kb2 g5 35.Nc2 h5
36.g4 h4 37.Ne3 Ng1 38.f4 exf4 39.Nd1 Kd4  0-1

[Event "Vienna op 13th"]
[Site "Vienna"]
[Date "1998.??.??"]
[Round "?"]
[White "Fang, Joseph"]
[Black "Wallner, Joachim"]
[Result "1-0"]
[WhiteElo "2320"]
[BlackElo "2185"]

1.Nf3 Nf6 2.c4 c6 3.d4 d5 4.Nc3 dxc4 5.a4 Bf5 6.e3 e6 7.Bxc4 Bb4 8.O-O O-O
9.Qe2 Nbd7 10.e4 Bg6 11.Bd3 h6 12.Rd1 Re8 13.e5 Bxd3 14.Rxd3 Nd5 15.Ne4 Be7
16.a5 c5 17.dxc5 Nxc5 18.Nxc5 Bxc5 19.Bd2 Qe7 20.Ra4 Rad8 21.Rg4 Kh8 22.Rh4 Qc7
23.Bxh6 gxh6 24.Rxh6+ Kg7 25.Qd2 Ne3 26.Rh5 Rxd3 27.Qxd3 Nf5 28.g4 Rd8 29.Qe4 Nd4
30.Ng5 Rd7 31.Qh7+ Kf8 32.Qh8+ Ke7 33.Qf6+ Ke8 34.Rh8+ Bf8 35.Nh7 Qc1+ 36.Kg2 Qc6+
37.f3 Qc5 38.Rxf8+ Qxf8 39.Nxf8 Kxf8 40.Qh8+ Ke7 41.Qf6+  1-0

[Event "Vienna op 13th"]
[Site "Vienna"]
[Date "1998.??.??"]
[Round "?"]
[White "Beckhuis, Gernod"]
[Black "Herndl, Harald"]
[Result "1/2-1/2"]
[WhiteElo "2275"]
[BlackElo "2370"]

1.Nf3 d5 2.d4 Nf6 3.c4 c6 4.Nc3 dxc4 5.a4 Bf5 6.Ne5 e6 7.f3 Bb4 8.e4 Bxe4
9.fxe4 Nxe4 10.Bd2 Qxd4 11.Nxe4 Qxe4+ 12.Qe2 Bxd2+ 13.Kxd2 Qd5+ 14.Kc2 Na6
15.Nxc4 O-O-O 16.Qe3 Nc5 17.Be2 Qf5+ 18.Kc3 Rd5 19.Rhf1 Qg6 20.b4 Ne4+ 21.Kb3 Rhd8
22.Rad1 f5 23.Qxa7 Rxd1 24.Rxd1 Rxd1 25.Bxd1 Qxg2 26.Bc2 Qf3+ 27.Qe3 Nd2+
28.Kc3 Qxe3+ 29.Nxe3 Nf3 30.h3 g5 31.Nxf5 exf5 32.Bxf5+ Kc7 33.Bxh7 Kd6 34.a5 Ng1
35.Bf5 Ne2+ 36.Kc4 Nf4 37.Bc8 Kc7 38.Bg4 Kd6 39.Bc8 Kc7 40.Bg4 Kd6 41.b5 cxb5+
42.Kxb5 Kc7 43.Kc5 Kb8 44.Kb6 Nd5+ 45.Kc5 Nf4 46.Kb6 Nd5+  1/2-1/2